[Event "Aragon-chT Preferente A"]
[Site "Aragon"]
[Date "2016.04.02"]
[Round "9.39"]
[White "Avellanas Tomas, Jose"]
[Black "Miranda Herrera, Jorge Manuel"]
[Result "1-0"]
[WhiteElo "1945"]
[BlackElo "1656"]
[PlyCount "95"]
[EventDate "2016.01.30"]
[EventType "team-tourn"]
[EventRounds "9"]
[EventCountry "ESP"]
[SourceTitle "EXT 2018"]
[Source "ChessBase"]
[SourceDate "2017.10.13"]
[SourceVersion "1"]
[SourceVersionDate "2017.10.13"]
[SourceQuality "1"]
[WhiteTeam "Sabinanigo"]
[BlackTeam "Monsalud"]
[WhiteTeamCountry "ESP"]
[BlackTeamCountry "ESP"]

1. d4 d5 2. Nf3 Nf6 3. e3 g6 4. Bd3 Bg7 5. 0-0 0-0 6. b3 b6 7. Bb2 Ba6 8. Bxa6 Nxa6 9. c4 c6 10. Ne5 Rc8 11. Qe2 Nb8 12. Nc3 e6 13. Rfd1 Nbd7 14. Rac1 Qe7 15. Rc2 Rc7 16. e4 Nxe4 17. Nxe4 dxe4 18. Qxe4 Nxe5 19. dxe5 Rd8 20. Rcd2 Rcd7 21. Qe2 Rxd2 22. Rxd2 Qc7 23. f4 Bf8 24. Qd1 Rxd2 25. Qxd2 b5 26. g3 Bc5+ 27. Kg2 bxc4 28. bxc4 Kf8 29. Bc3 Ke8 30. Bb4 Bxb4 31. Qxb4 c5 32. Qb5+ Ke7 33. a4 Qb6 34. Kf3 Qxb5 35. cxb5 Kd7 36. a5 Kc7 37. Ke4 Kb7 38. Kd3 a6 39. Kc4 axb5+ 40. Kxb5 c4 41. Kxc4 Kc6 42. Kb4 h6 43. Kc4 h5 44. Kb4 Kd7 45. Kb5 Kc7 46. Kc5 Kd7 47. Kb6 Kc8 48. Kc6 1-0

[Event "Aragon-chT Preferente A"]
[Site "Aragon"]
[Date "2016.02.06"]
[Round "2.39"]
[White "Avellanas Tomas, Jose"]
[Black "Moreno Martinez, Laura"]
[Result "1-0"]
[WhiteElo "1945"]
[BlackElo "1890"]
[PlyCount "74"]
[EventDate "2016.01.30"]
[EventType "team-tourn"]
[EventRounds "9"]
[EventCountry "ESP"]
[SourceTitle "EXT 2018"]
[Source "ChessBase"]
[SourceDate "2017.10.13"]
[SourceVersion "1"]
[SourceVersionDate "2017.10.13"]
[SourceQuality "1"]
[WhiteTeam "Sabinanigo"]
[BlackTeam "Marcos Frechin"]
[WhiteTeamCountry "ESP"]
[BlackTeamCountry "ESP"]

1. d4 Nf6 2. Nf3 d5 3. Bf4 c5 4. e3 Nc6 5. c3 Qb6 6. Qb3 c4 7. Qc2 Bf5 8. Qc1 e6 9. Nbd2 Rc8 10. Be2 h6 11. 0-0 Nh5 12. Be5 Be7 13. h3 Nf6 14. Bh2 0-0 15. Ne5 Nxe5 16. Bxe5 Rc6 17. Bxf6 Bxf6 18. b3 cxb3 19. axb3 Rfc8 20. c4 dxc4 21. bxc4 a6 22. Ra3 Qc7 23. Qa1 Qd7 24. Qa2 Rb6 25. Rb3 Rxb3 26. Qxb3 Rc7 27. Bf3 b5 28. c5 Bg6 29. Qa2 Ra7 30. c6 Qd8 31. Rc1 Qc7 32. Qb3 Be7 33. d5 exd5 34. Qxd5 Ra8 35. Qd7 Rc8 36. Qxc7 Rxc7 37. Ra1 Ra7 1-0

[Event "Aragon-chT Preferente A"]
[Site "Aragon"]
[Date "2015.02.14"]
[Round "4.35"]
[White "Avellanas Tomas, Jose"]
[Black "Eizaguerri Floris, Maria"]
[Result "0-1"]
[WhiteElo "1930"]
[BlackElo "1902"]
[PlyCount "81"]
[EventDate "2015.01.24"]
[EventType "team-tourn"]
[EventRounds "11"]
[EventCountry "ESP"]
[SourceTitle "EXT 2017"]
[Source "ChessBase"]
[SourceDate "2016.10.25"]
[SourceVersion "1"]
[SourceVersionDate "2016.10.25"]
[SourceQuality "1"]
[WhiteTeam "Sabinanigo"]
[BlackTeam "IberCaja II"]
[WhiteTeamCountry "ESP"]
[BlackTeamCountry "ESP"]

1. d4 d5 2. Nf3 Nf6 3. Bf4 e6 4. e3 Be7 5. Bd3 0-0 6. Nbd2 b6 7. Qe2 Bb7 8. 0-0 Nbd7 9. c3 c5 10. Rfe1 Ne4 11. Rad1 Qc8 12. h4 f5 13. Ng5 Bxg5 14. hxg5 Nxd2 15. Rxd2 g6 16. Bb5 Bc6 17. Bd3 Re8 18. g4 fxg4 19. Qxg4 e5 20. dxe5 Nxe5 21. Qg3 Qe6 22. Bf1 Rad8 23. Bh3 Qe7 24. Red1 Nc4 25. Re2 d4 26. b3 d3 27. Red2 Nxd2 28. Rxd2 Qe4 29. Bg2 Qxg2+ 30. Qxg2 Bxg2 31. Kxg2 b5 32. f3 c4 33. Kf2 b4 34. bxc4 bxc3 35. e4 cxd2 36. Bxd2 Rc8 37. Ke3 Red8 38. e5 Rxc4 39. f4 Rc2 40. e6 Rxd2 41. Kxd2 0-1

[Event "Huesca 4th"]
[Site "Huesca"]
[Date "2011.09.05"]
[Round "4.6"]
[White "Avellanas Tomas, Jose"]
[Black "Palomar Ramon, Santiago"]
[Result "1/2-1/2"]
[WhiteElo "1887"]
[BlackElo "2039"]
[PlyCount "120"]
[EventDate "2011.06.20"]
[EventType "swiss"]
[EventRounds "6"]
[EventCountry "ESP"]
[SourceTitle "EXT 2024"]
[Source "ChessBase"]
[SourceDate "2023.10.10"]
[SourceVersion "1"]
[SourceVersionDate "2023.10.10"]
[SourceQuality "1"]

1. d4 d5 2. Nf3 Nf6 3. c4 e6 4. Qc2 Be7 5. g3 0-0 6. Bg2 dxc4 7. Qxc4 a6 8. 0-0 b5 9. Qc2 Bb7 10. Nbd2 Nbd7 11. b3 c5 12. Bb2 Rc8 13. Qb1 Qb6 14. e3 cxd4 15. Bxd4 Bc5 16. Bb2 Ng4 17. Ng5 f5 18. Bxb7 Qxb7 19. Re1 Bb4 20. Rd1 Rc6 21. Ngf3 Rd6 22. h3 Bxd2 23. Nxd2 Nge5 24. Bd4 Rc8 25. Rc1 Rdc6 26. Rxc6 Rxc6 27. f4 Nf7 28. a4 bxa4 29. Rxa4 e5 30. fxe5 Nfxe5 31. Qxf5 Rf6 32. Qe4 Nf3+ 33. Kh1 Qxe4 34. Nxe4 Rc6 35. Rc4 Rxc4 36. bxc4 Nfe5 37. c5 Kf8 38. Kg2 Ke7 39. Nc3 Ke6 40. g4 Nf6 41. Bxe5 Kxe5 42. Kf3 Nd5 43. c6 Ne7 44. c7 Kd6 45. Ke4 Kxc7 46. Ke5 Kd7 47. Na4 Nc6+ 48. Kd5 Nb4+ 49. Kc4 Nc2 50. e4 Kc6 51. Nc5 Ne3+ 52. Kd4 a5 53. Na4 Nd1 54. h4 Nf2 55. g5 Ng4 56. e5 Kd7 57. Ke4 Nf2+ 58. Kd5 Nd3 59. Ke4 Nb4 60. h5 Ke6 1/2-1/2